01742nam a2200397 a 4500001001200000003000800012006001900020007001500039008004100054010001700095015001900112016001800131020002200149024002500171040002100196035002100217050002400238082001600262100003600278245011800314260005800432300001900490490002800509504005900537505023200596533015200828600002000980650004401000650002601044655002901070700002901099710001701128830005401145856012601199999001901325ebr10177915CaPaEBRm u cr cn|||||||||060315s2006 enk sb 000 0 eng d z 2006273432 aGBA5921992bnb7 z0133259572Uk z0192805665 (pbk.)3 a9780192805669 (pbk.) aCaPaEBRcCaPaEBR a(OCoLC)25264413014aPR4532b.M64 2006eb04a828.8092221 aDe Quincey, Thomas,d1785-1859.10aOn murderh[electronic resource] /cThomas De Quincey ; edited with an introduction and notes by Robert Morrison. aOxford ;aNew York :bOxford University Press,c2006. axxxvii, 201 p.1 aOxford world's classics aIncludes bibliographical references (p. [xxix]-xxxii).0 aOn the knocking at the gate in Macbeth -- On murder considered as one of the fine arts -- The avenger -- Second paper on murder considered as one of the fine arts -- Postscript [to On murder considered as one of the fine arts]. aElectronic reproduction.bPalo Alto, Calif. :cebrary,d2013.nAvailable via World Wide Web.nAccess may be limited to ebrary affiliated libraries.10aWilliams, John. 0aMurderzEnglandxHistoryy19th century. 0aMurder in literature. 7aElectronic books.2local1 aMorrison, Robert,d1961-2 aebrary, Inc. 0aOxford world's classics (Oxford University Press)40uhttp://site.ebrary.com/lib/rucke/Doc?id=10177915zAn electronic book accessible through the World Wide Web; click to view c236615d236615